000 00717nam a22002057a 4500
005 20220406100908.0
008 220406b ||||| |||| 00| 0 eng d
040 _cAIMIT LIBRARY
082 _210
_a336.242
_bPULY
100 _aPuliani, Yashpal.
_927857
245 _aGoods and services tax act 2017 :
_bgst at a glance concept law and procedure /
_cBy Yashpal Puliani and M.G.Kodandaram.
250 _a10th ed.
260 _aBangalore :
_bSri Yashpal Puliani ,
_c2021.
300 _a64,904 p. ;
_c24 cm.
650 _aRegistration formats
_927858
650 _aComposition formats
_927859
650 _aInput tax credit formats
_927860
700 _aKodandaram, M G.
_927861
942 _2ddc
_cBK
_e10th
_k336.242 PULY
999 _c222207
_d222207